000 00451nam a2200157 i 4500
001 bg
100 1 _aDYLĄG, Zdzisław
245 0 _aMechanika budowli :
_bprzestrzenne układy prętowe.Cz. 1,Właściwości i metody obliczeń /
_cZ. Dyląg, J. Bujnowski.
260 _aBiałystok,
_c1987.
700 1 _aBUJNOWSKI, Jarosław
040 _cBPK
041 _apol
080 _a624.04(075.8)
942 _cKS
008 s pl f |000 0 pol
999 _c3709
_d3709
856 _uhttp://koha.tu.koszalin.pl/cgi-bin/koha/opac-detail.pl?biblionumber=3709
_yKatalog online BPK